[Event "ch-European Rapid 2013"]
[Site "Warsaw POL"]
[Date "2013.12.15"]
[Round "10.49"]
[White "Wozniak, Maciej"]
[Black "Kantans, Toms"]
[Result "0-1"]
[BlackTitle "FM"]
[WhiteElo "2178"]
[BlackElo "2412"]
[WhiteFideId "1117653"]
[BlackFideId "11602945"]
[EventDate "2013.12.14"]

1. e4 c5 2. Nf3 Nf6 3. Nc3 Nc6 4. d4 d5 5. exd5 Nxd5 6. Nxd5 Qxd5 7. dxc5 Qxd1+
8. Kxd1 Bg4 9. Be3 e5 10. Bb5 f5 11. Bxc6+ bxc6 12. Kc1 Bxf3 13. gxf3 f4 14. Bd2
Bxc5 15. Re1 O-O-O 16. Rxe5 Bxf2 17. a4 Bd4 18. Re7 Rhe8 19. Rxe8 Rxe8 20. c3
Bg1 21. Kc2 Bxh2 22. Kd3 Bg3 23. Rh1 h6 24. Rh5 Re6 25. Rf5 g5 26. Rf7 Bf2 27.
c4 Bc5 28. Rh7 a6 29. b4 Rd6+ 30. Kc2 Bd4 31. c5 Re6 32. Kd3 Be5 33. Ra7 h5 34.
Rxa6 h4 35. b5 Bb8 36. Ba5 h3 37. b6 Kb7 38. Ra7+ Bxa7 39. bxa7 h2 0-1

[Event "ch-European Rapid 2013"]
[Site "Warsaw POL"]
[Date "2013.12.15"]
[Round "10.50"]
[White "Zaczek, Jonathon"]
[Black "Szczepkowska-Horowska, Karina"]
[Result "0-1"]
[BlackTitle "WGM"]
[WhiteElo "2062"]
[BlackElo "2405"]
[WhiteFideId "2607123"]
[BlackFideId "1122681"]
[EventDate "2013.12.14"]

1. e4 e5 2. Nf3 Nc6 3. Bb5 a6 4. Ba4 Nf6 5. O-O Be7 6. Re1 b5 7. Bb3 O-O 8. a4
Bb7 9. d3 d6 10. c3 Na5 11. Bc2 c5 12. Nbd2 Nc6 13. Nf1 Rb8 14. axb5 axb5 15.
Ne3 Bc8 16. Bd2 h6 17. Bb3 Be6 18. Ra6 Qc8 19. Ra1 Nd8 20. Nh4 Nxe4 21. dxe4
Bxh4 22. Nd5 c4 23. Bc2 Nc6 24. Qh5 Bd8 25. Bxh6 Bg4 26. Qg5 Bxg5 27. Bxg5 f6
28. Bd2 Kh8 29. Re3 Ra8 30. Rae1 Ra2 31. Bc1 Rf7 32. Rg3 Be6 33. Ne3 b4 34. Bd1
g5 35. h4 gxh4 36. Rg6 Kh7 37. Bh5 Ne7 38. Rg4 Bxg4 39. Bxg4 Qc5 40. g3 bxc3 41.
bxc3 hxg3 42. Kg2 gxf2 43. Rh1+ Kg7 44. Be6 Rf8 45. Bf5 Rh8 46. Rf1 Rh5 47. Bg4 0-1

[Event "ch-European Rapid 2013"]
[Site "Warsaw POL"]
[Date "2013.12.15"]
[Round "11.2"]
[White "Ragger, Markus"]
[Black "Petrosian, Tigran L."]
[Result "0-1"]
[WhiteTitle "GM"]
[BlackTitle "GM"]
[WhiteElo "2646"]
[BlackElo "2648"]
[WhiteFideId "1610856"]
[BlackFideId "13301616"]
[EventDate "2013.12.14"]

1. d4 d6 2. Nf3 Bg4 3. e4 e6 4. Nc3 Be7 5. h3 Bh5 6. Bd3 Nf6 7. Qe2 Nc6 8. g4
Bg6 9. Bf4 Nb4 10. Bb5+ c6 11. Ba4 Qa5 12. a3 Na6 13. Bd2 Nxe4 14. Bxc6+ bxc6
15. Nxe4 Qb5 16. Qxb5 cxb5 17. Nc3 Bxc2 18. Nxb5 Bd3 19. Nc3 h5 20. O-O-O Rc8
21. Rde1 Kd7 22. Bg5 hxg4 23. Bxe7 gxf3 24. Bg5 Bf5 25. h4 Rc4 26. Be3 Nc7 27.
Kd2 Rb8 28. b4 a5 29. Ra1 axb4 30. axb4 Rbxb4 31. Rhc1 Rb2+ 32. Ke1 Bd3 33. Ra7
e5 34. Bd2 Ke6 35. Na2 Nb5 36. Ra8 Rxd4 37. Nc3 Rxh4 38. Kd1 Rh1+ 39. Be1 Be2+
40. Nxe2 fxe2# 0-1

[Event "ch-European Rapid 2013"]
[Site "Warsaw POL"]
[Date "2013.12.15"]
[Round "11.3"]
[White "Socko, Bartosz"]
[Black "Lysyj, Igor"]
[Result "1/2-1/2"]
[WhiteTitle "GM"]
[BlackTitle "GM"]
[WhiteElo "2657"]
[BlackElo "2666"]
[WhiteFideId "1107038"]
[BlackFideId "4150120"]
[EventDate "2013.12.14"]

1. d4 Nf6 2. c4 e6 3. Nc3 Bb4 4. Qc2 d5 5. a3 Bxc3+ 6. Qxc3 dxc4 7. Qxc4 b6 8.
Nf3 O-O 9. Bg5 Ba6 10. Qa4 Qd7 11. Qxd7 Nbxd7 12. e3 Bxf1 13. Rxf1 Ne4 14. Ke2
c5 15. Bh4 Rac8 16. Rac1 c4 17. Nd2 Nxd2 18. Kxd2 b5 19. e4 Nb6 20. Be7 Rfe8 21.
Bb4 Nd7 22. Ke3 Nb8 23. g4 Nc6 24. Rfd1 a5 25. Bc5 Ne5 26. dxe5 Rxc5 27. b4 Rc7
28. Rd6 axb4 29. axb4 g5 30. Rb6 Rd8 31. Rc3 Rcd7 32. Rxb5 Rd3+ 33. Rxd3 Rxd3+
34. Ke2 Rb3 35. Rb8+ Kg7 36. b5 h6 37. b6 Kh7 38. f3 Kg7 39. b7 Kh7 40. Kf2 Kg7
41. Ke1 Rb2 42. Kf1 c3 43. Rc8 Rxb7 44. Rxc3 Rb5 45. h4 Rxe5 46. hxg5 hxg5 47.
Kf2 Ra5 48. Ke3 Ra1 49. Rb3 Kf6 50. Rc3 Rb1 51. Ra3 Rc1 52. Rb3 Ke5 1/2-1/2

[Event "ch-European Rapid 2013"]
[Site "Warsaw POL"]
[Date "2013.12.15"]
[Round "11.5"]
[White "Korobov, Anton"]
[Black "Mista, Aleksander"]
[Result "1-0"]
[WhiteTitle "GM"]
[BlackTitle "GM"]
[WhiteElo "2713"]
[BlackElo "2583"]
[WhiteFideId "14105730"]
[BlackFideId "1110381"]
[EventDate "2013.12.14"]

1. d4 Nf6 2. c4 d6 3. Nc3 Nbd7 4. Nf3 e5 5. e4 g6 6. Be2 Bg7 7. O-O O-O 8. Re1
a6 9. h3 Re8 10. dxe5 dxe5 11. Be3 Nh5 12. c5 Nf4 13. Bc4 Nf8 14. Qb3 Be6 15.
Bxe6 Rxe6 16. Rad1 Qc8 17. Nd5 Bh6 18. h4 Kg7 19. g3 Re8 20. Bxf4 Bxf4 21. gxf4
Qg4+ 22. Kh2 Ne6 23. Rg1 Qh5 24. f5 Nd4 25. Rxd4 exd4 26. Rg5 Qh6 27. f6+ Kh8
28. Nxc7 Rxe4 29. Nxa8 Rxh4+ 30. Nxh4 Qxh4+ 31. Qh3 Qxf2+ 32. Rg2 Qf4+ 33. Rg3
Qd2+ 34. Qg2 Qh6+ 35. Kg1 Qc1+ 36. Qf1 1-0

[Event "ch-European Rapid 2013"]
[Site "Warsaw POL"]
[Date "2013.12.15"]
[Round "11.7"]
[White "Gritsak, Orest"]
[Black "Moiseenko, Alexander"]
[Result "0-1"]
[WhiteTitle "GM"]
[BlackTitle "GM"]
[WhiteElo "2516"]
[BlackElo "2713"]
[WhiteFideId "14102188"]
[BlackFideId "14102560"]
[EventDate "2013.12.14"]

1. Nf3 Nf6 2. c4 e6 3. g3 d5 4. Bg2 d4 5. O-O c5 6. b4 cxb4 7. a3 Nc6 8. d3 a5
9. Nbd2 Be7 10. axb4 Bxb4 11. Ba3 O-O 12. Bxb4 Nxb4 13. Qb3 Ra6 14. Qb2 Nc6 15.
Rfb1 e5 16. Ng5 Nd7 17. Nge4 Qe7 18. Nb3 f5 19. Ned2 a4 20. Nc1 Rb6 21. Qa2 Rxb1
22. Rxb1 Nc5 23. Qa3 e4 24. dxe4 fxe4 25. Nxe4 Bf5 26. Rb5 Nxe4 27. Qxe7 Nxe7
28. Bxe4 Bxe4 29. Re5 Rc8 30. Rxe4 Rxc4 31. Nd3 Kf8 32. Re5 Nc6 33. Rb5 a3 34.
Rb1 b5 35. Kg2 b4 0-1

[Event "ch-European Rapid 2013"]
[Site "Warsaw POL"]
[Date "2013.12.15"]
[Round "11.8"]
[White "Jobava, Baadur"]
[Black "Antipov, Mikhail Al."]
[Result "1-0"]
[WhiteTitle "GM"]
[BlackTitle "GM"]
[WhiteElo "2705"]
[BlackElo "2511"]
[WhiteFideId "13601520"]
[BlackFideId "4107012"]
[EventDate "2013.12.14"]

1. b3 d5 2. Bb2 c5 3. e3 e6 4. f4 Nc6 5. Nf3 f6 6. g3 Bd6 7. Bg2 Nge7 8. d3 O-O
9. Nbd2 b6 10. O-O Qc7 11. Qe2 Ng6 12. c4 Bb7 13. h4 Rae8 14. h5 Nge7 15. h6 Nf5
16. Qf2 Nxh6 17. a3 Qf7 18. Nh2 Nd8 19. e4 d4 20. Ndf3 Qh5 21. Rae1 Bc7 22. Bc1
Ng4 23. Nxg4 Qxg4 24. Nh2 Qg6 25. Nf3 Qf7 26. g4 f5 27. Ng5 Qd7 28. Qg3 h6 29.
Nf3 fxg4 30. Qxg4 Rf7 31. Nh4 Nc6 32. Bd2 a6 33. Re2 Bc8 34. Bh3 Bd8 35. Ng6 Rf6
36. Rg2 Qf7 37. Kh1 Kh7 38. Rfg1 Rg8 39. Qe2 Ne7 40. Ne5 Qe8 41. Bg4 Bc7 42. Bh5
g6 43. Ng4 Rff8 44. Nxh6 gxh5 45. Nxg8 Rxg8 46. Rg5 Rxg5 47. Rxg5 Ng8 48. Rxh5+
Kg7 49. Qg4+ Kf8 50. Rh7 1-0

[Event "ch-European Rapid 2013"]
[Site "Warsaw POL"]
[Date "2013.12.15"]
[Round "11.9"]
[White "Sargissian, Gabriel"]
[Black "Stupak, Kirill"]
[Result "1/2-1/2"]
[WhiteTitle "GM"]
[BlackTitle "GM"]
[WhiteElo "2675"]
[BlackElo "2505"]
[WhiteFideId "13300881"]
[BlackFideId "13503758"]
[EventDate "2013.12.14"]

1. d4 e6 2. c4 Bb4+ 3. Bd2 a5 4. Nf3 d6 5. g3 Nc6 6. Bg2 e5 7. O-O exd4 8. Bxb4
axb4 9. Nxd4 Nxd4 10. Qxd4 Qf6 11. Qd2 c5 12. Qc1 Qe7 13. Nd2 Nf6 14. e3 O-O 15.
a3 bxa3 16. b3 Be6 17. Rxa3 d5 18. Qb2 Rfd8 19. Rxa8 Rxa8 20. Rc1 Rd8 21. Qe5
Ng4 22. Qf4 Nf6 23. h3 h6 24. Qe5 Qd6 25. Qxd6 Rxd6 26. cxd5 Bxd5 27. e4 Bc6 28.
Nc4 Rd4 29. f3 Bd7 30. Bf1 Be6 31. Kf2 g5 32. Ke3 h5 33. Nd2 b6 34. h4 gxh4 35.
gxh4 Nd7 36. Nc4 Bxc4 37. bxc4 Ne5 38. Be2 Kg7 39. Rg1+ Kf6 40. Rb1 Kg7 41. Rxb6
Nxc4+ 42. Bxc4 Rxc4 43. Kf4 Rc3 44. Rc6 f6 45. Rc8 Kg6 46. Rc7 Rc1 47. Rc6 Rh1
48. e5 Rxh4+ 49. Kg3 Rd4 50. Rxf6+ Kg7 51. f4 c4 52. Ra6 Kf7 53. Rh6 c3 54. Rc6
Rd3+ 55. Kh4 Rf3 56. Kg5 h4 57. f5 h3 58. e6+ Ke7 59. Rc7+ Kd6 60. Rd7+ Ke5 61.
e7 Rg3+ 62. Kh4 Rg8 63. Rd8 h2 64. e8=Q+ Rxe8 65. Rxe8+ Kxf5 66. Re1 c2 67. Kg3
h1=Q 68. Rxh1 Ke4 69. Kf2 Kd3 70. Rc1 Kd2 1/2-1/2

[Event "ch-European Rapid 2013"]
[Site "Warsaw POL"]
[Date "2013.12.15"]
[Round "11.10"]
[White "Olszewski, Michal"]
[Black "Krasenkow, Michal"]
[Result "0-1"]
[WhiteTitle "GM"]
[BlackTitle "GM"]
[WhiteElo "2551"]
[BlackElo "2633"]
[WhiteFideId "1121251"]
[BlackFideId "1113100"]
[EventDate "2013.12.14"]

1. e4 c5 2. Nf3 Nc6 3. Nc3 e5 4. Bc4 Be7 5. d3 Nf6 6. Nd2 d6 7. Nf1 Bg4 8. f3
Be6 9. Ne3 Nd7 10. O-O O-O 11. g3 Nb6 12. Kh1 Bf6 13. a4 Ne7 14. a5 Nxc4 15.
dxc4 Bg5 16. f4 exf4 17. gxf4 Bh6 18. f5 Bxe3 19. Bxe3 Bxc4 20. Rg1 f6 21. b3
Ba6 22. Rg3 Rf7 23. Qh5 g6 24. Rag1 Rg7 25. fxg6 hxg6 26. Rxg6 Nxg6 27. Bh6 Qe8
28. Qf5 Qd7 29. Nd5 Qxf5 30. exf5 Be2 31. Rg3 Kf7 32. Bxg7 Nh4 33. Bxf6 Nxf5 34.
Rg5 Ke6 35. Kg2 Rf8 36. c4 Bd1 37. Rg6 Bxb3 38. Be7+ Ke5 39. Bf6+ Ke4 40. Rg4+
Kd3 41. Rf4 Rg8+ 42. Kf2 Nd4 43. Ne7 Re8 44. h4 Kxc4 45. Bxd4 cxd4 46. Nf5 Kc3
47. Nxd6 Re5 48. Rg4 d3 49. Rg5 Rxg5 50. hxg5 d2 51. Ne4+ Kc2 52. Nxd2 Kxd2 53.
g6 Kc3 0-1

[Event "ch-European Rapid 2013"]
[Site "Warsaw POL"]
[Date "2013.12.15"]
[Round "11.11"]
[White "Minko, Vladimir"]
[Black "Andriasian, Zaven"]
[Result "1/2-1/2"]
[WhiteTitle "FM"]
[BlackTitle "GM"]
[WhiteElo "2327"]
[BlackElo "2610"]
[WhiteFideId "24146706"]
[BlackFideId "13302000"]
[EventDate "2013.12.14"]

1. d4 Nf6 2. c4 c5 3. d5 g6 4. Nc3 Bg7 5. g3 O-O 6. Bg2 d6 7. Nf3 e6 8. O-O exd5
9. cxd5 Re8 10. Nd2 a6 11. a4 Nbd7 12. h3 Rb8 13. Nc4 Ne5 14. Na3 Nh5 15. e4 Bd7
16. g4 Nf6 1/2-1/2

[Event "ch-European Rapid 2013"]
[Site "Warsaw POL"]
[Date "2013.12.15"]
[Round "11.12"]
[White "Dreev, Aleksey"]
[Black "Pakleza, Zbigniew"]
[Result "1/2-1/2"]
[WhiteTitle "GM"]
[BlackTitle "IM"]
[WhiteElo "2673"]
[BlackElo "2490"]
[WhiteFideId "4100107"]
[BlackFideId "1119290"]
[EventDate "2013.12.14"]

1. d4 d6 2. e4 Nf6 3. f3 c5 4. d5 e5 5. c4 Be7 6. Nc3 O-O 7. Bd3 Ne8 8. Be3 Bg5
9. Bf2 g6 10. h4 Bh6 11. h5 Kg7 12. Nge2 a6 13. g3 Nd7 14. f4 Nef6 15. hxg6 hxg6
16. Be3 Ng4 17. Bd2 Rh8 18. Rf1 Ndf6 19. Qc2 Nh2 20. Rh1 Nf3+ 21. Kf2 Nxd2 22.
Qxd2 Ng4+ 23. Kg2 Bd7 24. Raf1 Qe7 25. Nd1 b5 26. Qc3 Rab8 27. Bc2 bxc4 28. Qf3
Nf6 29. Qc3 Bg4 30. fxe5 Qxe5 31. Qxe5 dxe5 32. Nec3 Bg5 33. Rxh8 Rxh8 34. Nf2
Rb8 35. Rb1 Bd7 36. Kf3 Ne8 37. Ba4 Bb5 38. Ng4 f6 39. Rd1 Nd6 40. Nf2 f5 41.
exf5 gxf5 42. g4 e4+ 43. Kg2 Bxa4 44. Nxa4 f4 45. Re1 f3+ 46. Kg3 Rh8 47. Rxe4
Bh4+ 48. Kxf3 Rf8+ 49. Rf4 Rxf4+ 50. Kxf4 Bxf2 51. Ke5 Bg3+ 52. Ke6 Ne4 53. Nc3
Nxc3 54. bxc3 Be1 55. Kd6 Bxc3 56. Kxc5 Kf6 57. Kxc4 Bd2 58. Kc5 Ke7 59. Kc6 Kd8
60. a4 a5 61. Kd6 Bf4+ 62. Kc6 Ke7 63. Kb5 Bd2 64. Kc6 Bf4 65. Kb5 Bd2 66. Kc6
Bf4 67. Kb6 Bd2 68. Kc7 Bf4+ 69. Kc6 Bd2 70. Kc7 Bf4+ 71. Kc6 Kd8 72. Kb5 Bd2
73. g5 Bxg5 74. Kxa5 Kc7 1/2-1/2

[Event "ch-European Rapid 2013"]
[Site "Warsaw POL"]
[Date "2013.12.15"]
[Round "11.13"]
[White "Wojtaszek, Radoslaw"]
[Black "Drozdowski, Kacper"]
[Result "1-0"]
[WhiteTitle "GM"]
[BlackTitle "IM"]
[WhiteElo "2711"]
[BlackElo "2463"]
[WhiteFideId "1118358"]
[BlackFideId "1136720"]
[EventDate "2013.12.14"]

1. d4 d5 2. c4 e6 3. Nc3 c6 4. e3 Nd7 5. Qc2 Bd6 6. e4 dxc4 7. Bxc4 e5 8. Nf3
Ngf6 9. Bg5 O-O 10. Rd1 Qa5 11. Bh4 exd4 12. Nxd4 Re8 13. O-O Ng4 14. h3 Nge5
15. Bb3 Ng6 16. Nf5 Bf8 17. Bg3 Nc5 18. Nd6 Bxd6 19. Bxd6 Nxb3 20. Qxb3 Qh5 21.
f4 b6 22. f5 Nf8 23. Qc4 Bb7 24. e5 c5 25. Nd5 Bxd5 26. Qxd5 Rad8 27. Rde1 Qh4
28. Kh1 Qd4 29. Qxd4 cxd4 30. Rd1 f6 31. Rxd4 fxe5 32. Bxe5 Rxd4 33. Bxd4 h5 34.
Kg1 Nd7 35. Rc1 Re4 36. Rc8+ Kf7 37. Bc3 Nf6 38. Rc7+ Re7 39. Rxe7+ Kxe7 40. Kf2
Ne8 41. Kf3 Kf7 42. Be5 Ke7 43. Kf4 Nf6 44. Bxf6+ gxf6 45. g4 hxg4 46. hxg4 Kf7
47. g5 fxg5+ 48. Kxg5 b5 49. Kf4 Kf6 50. Ke4 a6 51. b4 Kf7 52. Ke5 Ke7 53. f6+
Kf7 54. Kf5 Kf8 55. Ke4 1-0

[Event "ch-European Rapid 2013"]
[Site "Warsaw POL"]
[Date "2013.12.15"]
[Round "11.14"]
[White "Meribanov, Vitaly"]
[Black "Tkachiev, Vladislav"]
[Result "0-1"]
[WhiteTitle "IM"]
[BlackTitle "GM"]
[WhiteElo "2412"]
[BlackElo "2637"]
[WhiteFideId "13504363"]
[BlackFideId "618438"]
[EventDate "2013.12.14"]

1. e4 d6 2. d4 g6 3. Nc3 Bg7 4. Nf3 Nf6 5. h3 O-O 6. Be3 c6 7. a4 Qc7 8. a5 d5
9. e5 Ne4 10. Nxe4 dxe4 11. Nd2 c5 12. c3 cxd4 13. cxd4 Nc6 14. Nxe4 Rd8 15. Qa4
Bd7 16. Qc2 Rac8 17. Be2 Bf5 18. g4 Be6 19. Ra4 Bd5 20. f3 Qb8 21. Nc3 Be6 22.
Kf2 a6 23. Rd1 Bd7 24. f4 e6 25. Raa1 Ne7 26. Bf3 Bc6 27. Qb3 Bxf3 28. Kxf3 Nd5
29. Ne4 Rc6 30. Rac1 Rdc8 31. Nd6 Rxc1 32. Rxc1 Rxc1 33. Bxc1 Bf8 34. Nxb7 Qc7
35. Bd2 Bb4 36. Nc5 Bxd2 37. Nxa6 Qc1 0-1

[Event "ch-European Rapid 2013"]
[Site "Warsaw POL"]
[Date "2013.12.15"]
[Round "11.15"]
[White "Azarov, Sergei"]
[Black "Putka, Verners"]
[Result "1-0"]
[WhiteTitle "GM"]
[WhiteElo "2616"]
[BlackElo "2323"]
[WhiteFideId "13501470"]
[BlackFideId "11600659"]
[EventDate "2013.12.14"]

1. e4 e5 2. Nf3 Nf6 3. Nxe5 d6 4. Nf3 Nxe4 5. c4 Be7 6. d4 O-O 7. Bd3 Ng5 8. Nc3
Nc6 9. Be3 Bg4 10. Nd5 Re8 11. h4 Nxf3+ 12. gxf3 Bh5 13. Nf4 Bxh4 14. Ng2 g5 15.
Nxh4 gxh4 16. Kd2 Qf6 17. Qg1+ Bg6 18. Qg4 d5 19. c5 b6 20. Rxh4 bxc5 21. Rah1
Nxd4 22. Rxh7 Nxf3+ 23. Kd1 Ne5 24. Qh3 Bxh7 25. Qxh7+ Kf8 26. Bxc5+ Re7 27.
Qh8+ Qxh8 28. Rxh8+ Kg7 29. Rxa8 Re6 30. Bf5 Rc6 31. Bd4 1-0

[Event "ch-European Rapid 2013"]
[Site "Warsaw POL"]
[Date "2013.12.15"]
[Round "11.16"]
[White "Ivanisevic, Ivan"]
[Black "Meskovs, Nikita"]
[Result "1-0"]
[WhiteTitle "GM"]
[BlackTitle "FM"]
[WhiteElo "2626"]
[BlackElo "2431"]
[WhiteFideId "912417"]
[BlackFideId "11602740"]
[EventDate "2013.12.14"]

1. d4 Nf6 2. c4 c5 3. d5 b5 4. Nd2 bxc4 5. e4 d6 6. Bxc4 g6 7. b3 Bg7 8. Bb2 O-O
9. Ngf3 e6 10. dxe6 fxe6 11. O-O d5 12. exd5 exd5 13. Ne4 dxc4 14. Qxd8 Rxd8 15.
Nxf6+ Kh8 16. Ng5 Rf8 17. Ngxh7 Rf7 18. Rfe1 Bd7 19. Rad1 Nc6 20. Ng5 Rxf6 21.
Rxd7 Nd4 22. Ree7 Bf8 23. Re4 Rb8 24. Rexd4 cxd4 25. Bxd4 Bg7 26. h4 cxb3 27.
axb3 a5 28. Ne4 Rf7 29. Rxf7 Bxd4 30. Nf6 Bxf6 31. Rxf6 Kg7 32. Ra6 Rb5 33. g3
Kh6 34. Kg2 Kh5 35. Kh3 Kh6 36. Ra7 Rf5 37. f4 Rb5 38. Kg4 1-0

[Event "ch-European Rapid 2013"]
[Site "Warsaw POL"]
[Date "2013.12.15"]
[Round "11.17"]
[White "Bryzgalin, Kirill"]
[Black "Berzinsh, Roland"]
[Result "1-0"]
[WhiteTitle "GM"]
[BlackTitle "IM"]
[WhiteElo "2460"]
[BlackElo "2421"]
[WhiteFideId "4133285"]
[BlackFideId "11600357"]
[EventDate "2013.12.14"]

1. d4 d5 2. c4 dxc4 3. Qa4+ Nc6 4. e3 e5 5. dxe5 Be6 6. Nf3 a6 7. Nd4 b5 8. Nxc6
Qd5 9. Nb4 Qb7 10. Qc2 Bxb4+ 11. Bd2 Bxd2+ 12. Nxd2 Ne7 13. Be2 O-O 14. O-O Rad8
15. b3 Qd5 16. Rfd1 Qxe5 17. bxc4 b4 18. Nf3 Qc5 19. Nd4 Bc8 20. a3 bxa3 21. Qb3
Rd6 22. Qxa3 Qxa3 23. Rxa3 Rfd8 24. Rc1 Nc6 25. Nb3 Nb4 26. f3 g6 27. Ra4 Nd3
28. Rc3 Nb2 29. Ra2 Nd1 30. Bxd1 Rxd1+ 31. Kf2 Kg7 32. Rcc2 Rb1 33. Nc5 Rd6 34.
e4 Rc6 35. Ra5 Rcb6 36. Raa2 Rc6 37. Nd3 Rd6 38. Ke2 h5 39. Ra3 h4 40. Ke3 Be6
41. g3 hxg3 42. hxg3 Rg1 43. g4 g5 44. c5 Rd8 45. Rxa6 Bxg4 46. Kf2 Rd1 47. Ne5
Be6 48. Ra7 Rh8 49. Ke2 Rdh1 50. Rxc7 Kf6 51. Nc6 R8h2+ 52. Kd3 Rd1+ 53. Kc3 Rh3
54. Nd4 g4 55. Rf2 Ke5 56. Nxe6 fxe6 57. Rf7 Rc1+ 58. Kb4 Rxf3 59. R2xf3 gxf3
60. Rxf3 Kxe4 61. Rf2 Kd5 62. Rd2+ Ke4 63. Kb5 e5 64. c6 Ke3 65. Rd5 e4 66. Rc5
Rb1+ 67. Kc4 Rb8 68. Rh5 Rb1 69. Rh3+ Kd2 70. Rh2+ Ke3 71. Rh3+ Kd2 72. Rc3 Rb8
73. c7 Re8 74. Kd4 e3 75. Rxe3 Rxe3 76. c8=Q Rd3+ 77. Ke4 Re3+ 78. Kf4 Rd3 79.
Qa6 Kc3 80. Ke4 Rd4+ 81. Ke3 Rb4 82. Qa1+ Kc4 83. Qa5 Rb5 84. Qa4+ Rb4 85. Qc6+ 1-0

[Event "ch-European Rapid 2013"]
[Site "Warsaw POL"]
[Date "2013.12.15"]
[Round "11.18"]
[White "Dziuba, Marcin"]
[Black "Beinoras, Mindaugas"]
[Result "1/2-1/2"]
[WhiteTitle "GM"]
[BlackTitle "IM"]
[WhiteElo "2576"]
[BlackElo "2404"]
[WhiteFideId "1112953"]
[BlackFideId "12802085"]
[EventDate "2013.12.14"]

1. d4 d5 2. c4 c6 3. Nf3 dxc4 4. e3 Be6 5. Qc2 Nf6 6. Bxc4 Bxc4 7. Qxc4 Qa5+ 8.
Nc3 Qa6 9. Qxa6 Nxa6 10. e4 e6 11. a3 Be7 12. Ke2 O-O 13. Be3 Ng4 14. Bd2 f5 15.
h3 Nf6 16. e5 Nd7 17. h4 h6 18. h5 Nb6 19. Rag1 c5 20. g4 f4 21. g5 cxd4 22.
gxh6 dxc3 23. Rxg7+ Kh8 24. Rxe7 Nd5 25. Rxb7 cxd2 26. Nh4 Nac7 27. Ng6+ Kh7 28.
Nxf8+ Rxf8 29. Rxa7 Kxh6 30. Kxd2 Rf5 31. Rc1 Nb5 32. Ra4 Rxe5 33. Rc5 Nd6 34.
f3 Kxh5 35. Rxf4 Kg6 36. Rg4+ Kf6 37. b4 Rh5 38. Rc6 Rh2+ 39. Kd3 Nf7 40. f4 Ra2
41. b5 Rxa3+ 42. Kc4 Nd8 43. Rc8 Nb7 44. Rf8+ Ke7 45. Rh8 Nd6+ 46. Kd4 Nxb5+ 47.
Kc5 Nbc7 48. Rg6 Kf7 49. Rhg8 Ne7 50. R8g7+ Kf8 51. Rg2 Ra5+ 52. Kb6 Rf5 53.
Kxc7 Rxf4 54. Kd7 Rd4+ 55. Kxe6 Re4+ 56. Kf6 Rf4+ 57. Ke5 Rf1 58. Rh7 Re1+ 59.
Kf6 Rf1+ 60. Kg5 Rf7 61. Rh8+ Kg7 62. Ra8 Rf5+ 63. Kh4+ Kf7 64. Ra7 Kf6 65. Rb2
Ng6+ 66. Kg3 Rg5+ 67. Kf3 Rf5+ 68. Ke4 Re5+ 69. Kd4 Re6 70. Rg2 Ne7 71. Rf2+
Nf5+ 72. Kd3 Re3+ 73. Kd2 Re5 74. Ra6+ Kg5 75. Ra8 Kf6 76. Kd3 Re3+ 77. Kd2 Re5
78. Rf8+ Ke6 79. Kd3 Nd6 80. R8f6+ Kd5 81. Rf8 Re8 82. R8f4 Re5 83. Ra2 Ke6 84.
Ra6 Rd5+ 85. Rd4 Rxd4+ 86. Kxd4 Kd7 87. Kd5 Ne8 88. Ra7+ Nc7+ 89. Kc5 Kd8 90.
Kc6 Ne8 91. Rd7+ Kc8 92. Ra7 Kd8 93. Rd7+ Kc8 94. Rd3 Nc7 95. Rd2 Ne6 96. Kd6
Nd8 97. Rc2+ Kb8 98. Kd7 Nb7 99. Rb2 Ka7 100. Kc7 Na5 101. Rb6 Nc4 102. Rb5 Ka6
103. Kc6 Na5+ 104. Kc5 Nb7+ 105. Kb4 Nd6 106. Rh5 Kb6 107. Kc3 Kc6 108. Kd4 Nb5+
109. Ke5 Kc5 110. Rh1 Kc4 111. Rc1+ Nc3 112. Kd6 Kd4 113. Rh1 Ne4+ 114. Ke6 Nc5+
115. Kf5 Nd3 116. Rh4+ Kd5 117. Rh8 Kd4 118. Re8 Nc5 119. Rd8+ Kc4 120. Ke5 Nd3+
121. Ke4 Nc5+ 122. Ke3 Nb3 123. Rc8+ 1/2-1/2

[Event "ch-European Rapid 2013"]
[Site "Warsaw POL"]
[Date "2013.12.15"]
[Round "11.19"]
[White "Bognar, Csaba Dr."]
[Black "Tregubov, Pavel V."]
[Result "0-1"]
[WhiteTitle "FM"]
[BlackTitle "GM"]
[WhiteElo "2230"]
[BlackElo "2625"]
[WhiteFideId "709760"]
[BlackFideId "4115341"]
[EventDate "2013.12.14"]

1. d4 Nf6 2. c4 Nc6 3. Nc3 e5 4. dxe5 Nxe5 5. e4 Bc5 6. Be2 d6 7. h3 O-O 8. Nf3
Ng6 9. h4 Ng4 10. Nd4 Qf6 11. Bxg4 Bxd4 12. O-O Bxg4 13. Qxg4 Bxc3 14. Bg5 Qe6
15. Qxe6 fxe6 16. bxc3 h6 17. h5 Ne5 18. Bh4 Nxc4 19. f3 e5 20. Rfd1 a5 21. Rab1
Rfb8 22. a4 Kf7 23. Bf2 Ke6 24. Kf1 c6 25. Ke2 b5 26. Kd3 d5 27. exd5+ Kxd5 28.
Kc2+ Ke6 29. Kb3 Rd8 30. Bh4 Rd2 31. g4 Kd5 32. Be1 bxa4+ 33. Kxa4 Nb2+ 34. Rxb2
Rxd1 35. Rd2+ Rxd2 36. Bxd2 Rf8 0-1

[Event "ch-European Rapid 2013"]
[Site "Warsaw POL"]
[Date "2013.12.15"]
[Round "11.20"]
[White "Plat, Vojtech"]
[Black "Pinski, Jan"]
[Result "1-0"]
[WhiteTitle "IM"]
[BlackTitle "IM"]
[WhiteElo "2470"]
[BlackElo "2342"]
[WhiteFideId "325740"]
[BlackFideId "1108441"]
[EventDate "2013.12.14"]

1. b3 e5 2. Bb2 Nc6 3. e3 a6 4. c4 Nf6 5. Nc3 d5 6. cxd5 Nxd5 7. Nf3 Be6 8. Nxd5
Qxd5 9. Bc4 Qd6 10. Bxe6 Qxe6 11. O-O Bd6 12. d4 exd4 13. Nxd4 Nxd4 14. Qxd4 f6
15. Rfd1 O-O 16. Rac1 Rad8 17. Qa4 Qe8 18. Qg4 Qd7 19. Qf3 Qb5 20. g3 c6 21. Qg4
Be5 22. Qe6+ Kh8 23. Ba3 Qe2 24. Re1 Qxa2 25. Bxf8 Rxf8 26. Rcd1 Qa5 27. Re2 h6
28. Red2 f5 29. Qe7 Rf6 30. Rd7 Rg6 31. Qf7 Rg5 32. h4 Rxg3+ 33. fxg3 Bf6 34.
Qf8+ Kh7 35. Qxf6 1-0

[Event "ch-European Rapid 2013"]
[Site "Warsaw POL"]
[Date "2013.12.15"]
[Round "11.21"]
[White "Jarmula, Lukasz"]
[Black "Dragun, Kamil"]
[Result "0-1"]
[BlackTitle "GM"]
[WhiteElo "2213"]
[BlackElo "2530"]
[WhiteFideId "1160664"]
[BlackFideId "1134167"]
[EventDate "2013.12.14"]

1. e4 c5 2. Nf3 d6 3. d4 Nf6 4. Nc3 cxd4 5. Nxd4 g6 6. Be3 Bg7 7. f3 O-O 8. Qd2
Nc6 9. g4 Nxd4 10. Bxd4 Be6 11. h4 Qa5 12. h5 Rfc8 13. hxg6 hxg6 14. a3 Rab8 15.
Qh2 b5 16. b4 Qd8 17. Rd1 Rb7 18. Nxb5 a6 19. Na7 Rcc7 20. Qf2 Qb8 21. Bxa6 Rxa7
22. b5 Ra8 23. e5 dxe5 24. Bxe5 Nd7 25. Bxg7 Kxg7 26. Qd4+ f6 27. Qe3 Nf8 28. g5
Rxc2 29. gxf6+ exf6 30. f4 Qa7 31. Qxa7+ Rxa7 32. Rf1 Bc4 33. Rf2 Re7+ 0-1